Cloud Computing : A Practical Approach

Cloud Computing: A Practical Approach provides a comprehensive look at the emerging paradigm of Internet-based enterprise applications and services. This accessible book offers a broad introduction to cloud computing, reviews a wide variety of currently available solutions, and discusses the cost sa...

Full beskrivning

Sparad:
Bibliografiska uppgifter
Huvudupphovsman: Velte, Anthony T.
Övriga upphovsmän: Velte, Toby J., Elsenpeter, Robert
Materialtyp: Bok
Språk:Vietnamese
Publicerad: New York McGraw-Hill 2010
Ämnen:
Taggar: Lägg till en tagg
Inga taggar, Lägg till första taggen!
Thư viện lưu trữ: Thư viện Trường Đại học Nam Cần Thơ
LEADER 01414nam a22002297a 4500
001 NCT_95478
008 211224b xxu||||| |||| 00| 0 vie d
999 |c 4742  |d 4742 
020 |a 9780071626941  |c 1560000 
082 0 4 |2 23rd ed.  |a 004.67  |b V445 
100 1 |a Velte, Anthony T. 
245 1 0 |a Cloud Computing :  |b A Practical Approach  |c Anthony T. Velte, Toby J. Velte, Robert Elsenpeter 
260 |a New York  |b McGraw-Hill  |c 2010 
300 |a xviii, 334 p.  |b ill.  |c 24cm 
504 |a Includes index 
520 3 |a Cloud Computing: A Practical Approach provides a comprehensive look at the emerging paradigm of Internet-based enterprise applications and services. This accessible book offers a broad introduction to cloud computing, reviews a wide variety of currently available solutions, and discusses the cost savings and organizational and operational benefits. You'll find details on essential topics, such as hardware, platforms, standards, migration, security, and storage. You'll also learn what other organizations are doing and where they're headed with cloud computing.  
653 |a Công nghệ thông tin 
700 1 |a Velte, Toby J.  
700 1 |a Elsenpeter, Robert  
942 |2 ddc  |c BK 
952 |0 0  |1 0  |2 ddc  |4 0  |6 004_670000000000000_V445  |7 0  |9 22120  |a 000001  |b 000001  |d 2021-12-24  |o 004.67 V445  |p MD.19186  |r 2021-12-24  |v 999999.99  |w 2021-12-24  |y BK 
980 |a Thư viện Trường Đại học Nam Cần Thơ